000 00580nam a2200193 a 4500
001 2596
005 20140414131848.0
008 050607s19uu xx 00 eng d
020 _a0-85097-911-0
050 _aM 372.5
_bY37 1991
100 _aYates, Irene
245 _aCherry manor carnival /
_cStory by Irene Yates ; illustrations by Pauline Little.
260 _aLondon :
_bCharles Letts,
_c1991.
300 _a32 p. : ill. ; cm.
440 _aLearning Letts
500 _afor six-to seven-year olds.
650 _aEnglish language
_xStudy and teaching.
999 _c110025
_d110025